000 01043nam2a22002291 4500
001 v19\rc\1312001
005 20250618033138.0
035 _a(NLR Aleph) 004468464
090 _a4550908
_c4550908
100 _a20060512d1903 |||y0rusy50 ca
101 0 _arus
102 _aRU
105 _ay z |||||
200 0 _aна 1904 год
210 _d1903
_aБ. м.
215 _a212 с. разд. паг.
461 0 _1001v19\rc\1311997
_12001#$aСмета доходов и расходов специальных средств Канцелярии министра путей сообщения...$vна 1904 год$90
_94550892
_aРоссия. Министерство путей сообщения
_cСанкт-Петербург
_d1899-1916
_tСмета доходов и расходов специальных средств Канцелярии министра путей сообщения...
_vна 1904 год$90
801 0 _aRU
_bNLR
_gpsbo
801 1 _aRU
_bProSoft-M
_2rusmarc
852 _aNLR
_j19.134.4.3(3)
942 _cBOOK
980 _aNB